Statistics for All County Seats in Maine

Click here to take the quiz!

General Stats

  • This quiz has been taken 6 times
  • The average score is 6 of 16

Answer Stats

CountyCounty Seat% Correct
PenobscotBangor
83%
CumberlandPortland
83%
KennebecAugusta
67%
AroostookHoulton
50%
AndroscogginAuburn
33%
SagadahocBath
33%
WaldoBelfast
33%
PiscataquisDover-Foxcroft
33%
HancockEllsworth
33%
FranklinFarmington
33%
WashingtonMachias
33%
KnoxRockland
17%
SomersetSkowhegan
17%
LincolnWiscasset
17%
YorkAlfred
0%
OxfordParis
0%

Score Distribution

Percentile by Number Answered

Percent of People with Each Score

Your Score History

You have not taken this quiz